[Event "POL-chT 2nd League"]
[Site "Jastrzebia Gora"]
[Date "2018.09.01"]
[Round "1.6"]
[White "Jedynak, Radoslaw"]
[Black "Goluch, Piotr"]
[Result "1/2-1/2"]
[WhiteElo "2353"]
[BlackElo "2299"]
[PlyCount "125"]
[EventDate "2018.09.01"]
[EventType "team-swiss"]
[EventRounds "9"]
[EventCountry "POL"]
[SourceTitle "CBM 186 Extra"]
[Source "ChessBase"]
[SourceDate "2018.08.24"]
[SourceVersion "1"]
[SourceVersionDate "2018.08.24"]
[SourceQuality "1"]
[WhiteTeam "Zielonka Zieloni"]
[BlackTeam "Bogatynia UKS SP3"]
[WhiteTeamCountry "POL"]
[BlackTeamCountry "POL"]

1. d4 Nf6 2. c4 d6 3. Nf3 Nbd7 4. Nc3 e5 5. e4 c6 6. Be2 Be7 7. 0-0 0-0 8. Re1 a6 9. Bf1 b5 10. a3 Bb7 11. b4 Re8 12. Bb2 Qb8 13. Qb3 h6 14. a4 exd4 15. Nxd4 bxa4 16. Nxa4 c5 17. Nf5 Bf8 18. bxc5 Nxe4 19. cxd6 Bc6 20. Qc2 Nxd6 21. Rxe8 Qxe8 22. Nxd6 Bxd6 23. c5 Bxa4 24. Rxa4 Nxc5 25. Ra5 Rc8 26. Qc3 Bf8 27. Qe3 Qxe3 28. fxe3 Rb8 29. Bd4 Nb3 30. Rxa6 Nxd4 31. exd4 Rb4 32. Ra2 Rxd4 33. g3 Rd7 34. Kg2 g6 35. Be2 Kg7 36. Bf3 h5 37. Rb2 Rd3 38. Be2 Rc3 39. Bf3 Bd6 40. Be4 f5 41. Rc2 Ra3 42. Bd5 Rd3 43. Bc4 Rd4 44. Be2 h4 45. gxh4 Rxh4 46. h3 Rd4 47. Bf3 Kf6 48. Be2 Ke5 49. Kf3 Rf4+ 50. Kg2 Ra4 51. Bf3 Ra5 52. Bc6 Bc5 53. Bf3 Bd4 54. Re2+ Kf4 55. Rd2 Be3 56. Rb2 Bd4 57. Rd2 Ra4 58. Bc6 Rb4 59. Be8 g5 60. Bc6 Be3 61. Ra2 Rc4 62. Ra4 Rxa4 63. Bxa4 1/2-1/2

[Event "Liberec op 18th"]
[Site "Liberec"]
[Date "2018.03.03"]
[Round "9"]
[White "Chakravarthi, Reddy M"]
[Black "Jedynak, Radoslaw"]
[Result "1/2-1/2"]
[WhiteElo "2380"]
[BlackElo "2342"]
[PlyCount "38"]
[EventDate "2018.02.24"]
[EventType "swiss"]
[EventRounds "9"]
[EventCountry "CZE"]
[SourceTitle "CBM 183 Extra"]
[Source "ChessBase"]
[SourceDate "2018.04.19"]
[SourceVersion "1"]
[SourceVersionDate "2018.04.19"]
[SourceQuality "1"]

1. d4 Nf6 2. c4 e6 3. Nf3 d5 4. Nc3 dxc4 5. e3 a6 6. Bxc4 b5 7. Bd3 Bb7 8. 0-0 c5 9. dxc5 Bxc5 10. a3 Nbd7 11. b4 Be7 12. Bb2 0-0 13. Qe2 Bxf3 14. gxf3 Ne5 15. Rfd1 Nxd3 16. Rxd3 Qb6 17. Rad1 Rfd8 18. Rxd8+ Rxd8 19. Rxd8+ Qxd8 1/2-1/2

[Event "Liberec op 18th"]
[Site "Liberec"]
[Date "2018.02.27"]
[Round "5"]
[White "Plischki, Sebastian"]
[Black "Jedynak, Radoslaw"]
[Result "1/2-1/2"]
[WhiteElo "2400"]
[BlackElo "2342"]
[PlyCount "34"]
[EventDate "2018.02.24"]
[EventType "swiss"]
[EventRounds "9"]
[EventCountry "CZE"]
[SourceTitle "CBM 183 Extra"]
[Source "ChessBase"]
[SourceDate "2018.04.19"]
[SourceVersion "1"]
[SourceVersionDate "2018.04.19"]
[SourceQuality "1"]

1. d4 d5 2. c4 dxc4 3. Nf3 Nf6 4. e3 e6 5. Bxc4 a6 6. 0-0 c5 7. b3 cxd4 8. Nxd4 Be7 9. Bb2 Bd7 10. Nd2 Nc6 11. Be2 0-0 12. Nc4 b5 13. Nxc6 Bxc6 14. Ne5 Bb7 15. Bf3 Qxd1 16. Rfxd1 Bxf3 17. gxf3 Rac8 1/2-1/2

[Event "Liberec op 18th"]
[Site "Liberec"]
[Date "2018.02.26"]
[Round "3"]
[White "Czopor, Maciej"]
[Black "Jedynak, Radoslaw"]
[Result "0-1"]
[WhiteElo "2144"]
[BlackElo "2342"]
[PlyCount "154"]
[EventDate "2018.02.24"]
[EventType "swiss"]
[EventRounds "9"]
[EventCountry "CZE"]
[SourceTitle "CBM 183 Extra"]
[Source "ChessBase"]
[SourceDate "2018.04.19"]
[SourceVersion "1"]
[SourceVersionDate "2018.04.19"]
[SourceQuality "1"]

1. e4 e5 2. Nf3 Nc6 3. Bb5 f5 4. d3 fxe4 5. dxe4 Nf6 6. 0-0 Bc5 7. Qd3 d6 8. Qc4 Qe7 9. Nc3 Bd7 10. Nd5 Nxd5 11. exd5 Nd4 12. Bxd7+ Qxd7 13. Nxd4 Bxd4 14. a4 a6 15. Be3 Bxe3 16. fxe3 0-0-0 17. Rf3 Rdf8 18. Raf1 Rxf3 19. Rxf3 Kb8 20. Qh4 c6 21. dxc6 Qxc6 22. Qe7 Re8 23. Qxg7 Qxc2 24. Qd7 Qc1+ 25. Rf1 Qxe3+ 26. Kh1 Rc8 27. Qxd6+ Ka7 28. h3 Rc1 29. Rxc1 Qxc1+ 30. Kh2 Qf4+ 31. Kh1 Qd4 32. Qxd4+ exd4 33. Kg1 Kb6 34. Kf2 Ka5 35. g4 Kxa4 36. Ke2 Kb3 37. Kd3 Kxb2 38. g5 a5 39. h4 a4 40. h5 a3 41. g6 hxg6 42. hxg6 a2 43. g7 a1Q 44. g8Q Qd1+ 45. Ke4 Qb3 46. Qg2+ Ka3 47. Kxd4 b5 48. Kc5 Qc4+ 49. Kd6 Qd4+ 50. Ke7 b4 51. Qa8+ Kb2 52. Qg2+ Kc3 53. Qc6+ Kd3 54. Qa6+ Kd2 55. Qa2+ Kc1 56. Kf8 Qf4+ 57. Kg7 Qg3+ 58. Kh6 Qe3+ 59. Kh5 b3 60. Qa1+ Kc2 61. Qa4 Qf3+ 62. Kh4 Qd5 63. Kh3 Kc3 64. Qa3 Qd4 65. Kh2 Kc2 66. Qf8 b2 67. Qf5+ Kc1 68. Qc8+ Kd1 69. Qf5 Qd2+ 70. Kg1 Qc1 71. Qd3+ Ke1 72. Qe4+ Kd2+ 73. Kf2 Qc2 74. Qe3+ Kd1+ 75. Kf1 Qc4+ 76. Kf2 b1Q 77. Qe1+ Kc2 0-1

[Event "Krakow op-A 28th"]
[Site "Krakow"]
[Date "2018.01.02"]
[Round "7"]
[White "Jedynak, Radoslaw"]
[Black "Skawinski, Arkadiusz"]
[Result "1/2-1/2"]
[WhiteElo "2341"]
[BlackElo "2432"]
[PlyCount "27"]
[EventDate "2017.12.27"]
[EventType "swiss"]
[EventRounds "9"]
[EventCountry "POL"]
[SourceTitle "CBM 182 Extra"]
[Source "ChessBase"]
[SourceDate "2018.02.23"]
[SourceVersion "1"]
[SourceVersionDate "2018.02.23"]
[SourceQuality "1"]

1. Nf3 d5 2. c4 e6 3. e3 c6 4. Qc2 Bd6 5. Nc3 Nf6 6. b3 0-0 7. Bb2 a6 8. d4 b5 9. Be2 Nbd7 10. 0-0 bxc4 11. bxc4 dxc4 12. Bxc4 c5 13. dxc5 Nxc5 14. Rfd1 1/2-1/2

[Event "Krakow op-A 28th"]
[Site "Krakow"]
[Date "2017.12.30"]
[Round "4"]
[White "Eggink, Mateusz"]
[Black "Jedynak, Radoslaw"]
[Result "0-1"]
[WhiteElo "2137"]
[BlackElo "2341"]
[PlyCount "92"]
[EventDate "2017.12.27"]
[EventType "swiss"]
[EventRounds "9"]
[EventCountry "POL"]
[SourceTitle "CBM 182 Extra"]
[Source "ChessBase"]
[SourceDate "2018.02.23"]
[SourceVersion "1"]
[SourceVersionDate "2018.02.23"]
[SourceQuality "1"]

1. d4 e6 2. Bf4 c5 3. e3 Qb6 4. Nc3 a6 5. dxc5 Bxc5 6. Na4 Qa5+ 7. c3 Be7 8. b4 Qd8 9. Bd6 Nc6 10. e4 e5 11. Ne2 Nf6 12. Ng3 0-0 13. Be2 Bxd6 14. Qxd6 Ne8 15. Qd2 d6 16. 0-0 Be6 17. f4 exf4 18. Rxf4 Ne5 19. Qd4 Qg5 20. Raf1 Ng6 21. R4f2 Qe5 22. Nb6 Rd8 23. Nf5 Nf6 24. Nxg7 Qxd4 25. cxd4 Nxe4 26. Nxe6 fxe6 27. Rxf8+ Rxf8 28. Rxf8+ Kxf8 29. Bf3 Nc3 30. a4 d5 31. Nd7+ Ke7 32. Nc5 b6 33. Nxa6 Nxa4 34. Kf2 Nc3 35. g3 e5 36. dxe5 Nxe5 37. Bg2 d4 38. Bf1 Kd6 39. h4 Ne4+ 40. Ke1 Nxg3 41. Bg2 h6 42. Kf2 Nf5 43. h5 Ng7 44. b5 Nxh5 45. Nb4 Nf4 46. Bf1 Nd5 0-1

[Event "Krakow op-A 28th"]
[Site "Krakow"]
[Date "2017.12.29"]
[Round "3"]
[White "Jedynak, Radoslaw"]
[Black "Levin, Evgeny A"]
[Result "0-1"]
[WhiteElo "2341"]
[BlackElo "2544"]
[PlyCount "148"]
[EventDate "2017.12.27"]
[EventType "swiss"]
[EventRounds "9"]
[EventCountry "POL"]
[SourceTitle "CBM 182 Extra"]
[Source "ChessBase"]
[SourceDate "2018.02.23"]
[SourceVersion "1"]
[SourceVersionDate "2018.02.23"]
[SourceQuality "1"]

1. d4 Nf6 2. c4 e6 3. Nf3 b6 4. g3 Ba6 5. Nbd2 c5 6. Bg2 Nc6 7. Qa4 Qc8 8. 0-0 cxd4 9. Nb3 Bb7 10. Nbxd4 Nxd4 11. Nxd4 Bc5 12. Nb3 Be7 13. Be3 0-0 14. Rac1 Bxg2 15. Kxg2 Qb7+ 16. f3 a6 17. Bf2 Rfc8 18. Nd2 Ng4 19. Qb3 Nxf2 20. Kxf2 Bg5 21. Rcd1 b5 22. cxb5 axb5 23. Ne4 Be7 24. a3 d5 25. Nc3 Rab8 26. Kg2 Qa6 27. Rd2 b4 28. axb4 Bxb4 29. Qc2 Rc4 30. Qd3 Qc6 31. e3 Bxc3 32. bxc3 Rxc3 33. Qd4 Rc4 34. Qe5 Rc8 35. Rff2 f6 36. Qb2 Rc3 37. Rfe2 Qc5 38. Qb7 Qc7 39. Qxc7 R8xc7 40. e4 Rd7 41. exd5 exd5 42. g4 Kf7 43. Kg3 Rd6 44. Rd4 Rc4 45. Rd3 Rc7 46. h4 g6 47. Re1 h5 48. Re2 Rdd7 49. Re1 Rc4 50. Red1 Rc5 51. R1d2 Rd6 52. Re2 Rc7 53. Re1 Re7 54. Red1 hxg4 55. Rxd5 Rxd5 56. Rxd5 gxf3 57. Kxf3 Kg7 58. Rd8 Ra7 59. Kg3 Ra3+ 60. Kg2 Rb3 61. Ra8 Rb7 62. Kg3 Rf7 63. Rb8 Rf8 64. Rb7+ Kh6 65. Kg4 f5+ 66. Kf4 Re8 67. Kg3 Re3+ 68. Kg2 Ra3 69. Rb8 Kh5 70. Rh8+ Kg4 71. h5 Rg3+ 72. Kf2 Rh3 73. h6 Kg5 74. h7 Kf6 0-1

[Event "Krakow op-A 28th"]
[Site "Krakow"]
[Date "2017.12.27"]
[Round "1"]
[White "Jedynak, Radoslaw"]
[Black "Adamowicz, Katarzyna"]
[Result "1-0"]
[WhiteElo "2341"]
[BlackElo "2134"]
[PlyCount "69"]
[EventDate "2017.12.27"]
[EventType "swiss"]
[EventRounds "9"]
[EventCountry "POL"]
[SourceTitle "CBM 182 Extra"]
[Source "ChessBase"]
[SourceDate "2018.02.23"]
[SourceVersion "1"]
[SourceVersionDate "2018.02.23"]
[SourceQuality "1"]

1. d4 Nf6 2. c4 g6 3. Nc3 Bg7 4. e4 d6 5. Nf3 0-0 6. Be2 c6 7. 0-0 Nbd7 8. Re1 Qc7 9. Bf1 e5 10. Rb1 a5 11. a3 Ne8 12. Be3 f5 13. exf5 gxf5 14. dxe5 dxe5 15. Ng5 Nb6 16. Bc5 h6 17. Bxf8 Bxf8 18. c5 Bxc5 19. Qb3+ Kg7 20. Rxe5 hxg5 21. Rxc5 Nf6 22. Re1 a4 23. Qc2 Qd6 24. Rxf5 Bxf5 25. Qxf5 Qf4 26. Qxf4 gxf4 27. Re7+ Kf8 28. Rxb7 Nbd5 29. Nxd5 Nxd5 30. Bd3 Rd8 31. h4 Ne7 32. Be4 Rd4 33. f3 Nd5 34. h5 Nf6 35. h6 1-0

[Event "POL-chT"]
[Site "Poland"]
[Date "2017.05.07"]
[Round "3.1"]
[White "Jedynak, Radoslaw"]
[Black "Mista, Aleksander"]
[Result "0-1"]
[WhiteElo "2343"]
[BlackElo "2606"]
[PlyCount "62"]
[EventDate "2017.05.05"]
[EventType "team-tourn"]
[EventRounds "9"]
[EventCountry "POL"]
[SourceTitle "CBM 178 Extra"]
[Source "ChessBase"]
[SourceDate "2017.06.22"]
[SourceVersion "1"]
[SourceVersionDate "2017.06.22"]
[SourceQuality "1"]
[WhiteTeam "Dabrowa Gornicza Zaglebie"]
[BlackTeam "Legnica Miedz"]
[WhiteTeamCountry "POL"]
[BlackTeamCountry "POL"]

1. d4 Nf6 2. c4 g6 3. Nc3 d5 4. Bg5 Ne4 5. Nxe4 dxe4 6. Qd2 Bg7 7. Rd1 c5 8. d5 Qb6 9. b3 a5 10. g3 a4 11. Rb1 axb3 12. axb3 Ra3 13. Qc2 Bf5 14. Bh3 Qa5+ 15. Kf1 Ra2 16. Qd1 Bxh3+ 17. Nxh3 h6 18. Be3 g5 19. Ng1 Nd7 20. f3 f5 21. Bf2 0-0 22. Be1 Qa6 23. Qc1 Qf6 24. f4 Rfa8 25. h4 gxf4 26. Qxf4 Ra1 27. Rxa1 Rxa1 28. Nh3 Rxe1+ 29. Kxe1 Qa1+ 30. Kd2 Qc3+ 31. Kd1 e3 0-1

[Event "POL-ch rapid"]
[Site "Zgierz"]
[Date "2017.01.08"]
[Round "1"]
[White "Brzozowski, Mateusz"]
[Black "Jedynak, Radoslaw"]
[Result "0-1"]
[WhiteElo "1573"]
[BlackElo "2351"]
[PlyCount "48"]
[EventDate "2017.01.08"]
[EventType "swiss (rapid)"]
[EventRounds "9"]
[EventCountry "POL"]
[SourceTitle "CBM 176 Extra"]
[Source "ChessBase"]
[SourceDate "2017.03.02"]
[SourceVersion "1"]
[SourceVersionDate "2017.03.02"]
[SourceQuality "1"]

1. d4 e6 2. c4 Nf6 3. a3 d5 4. e3 Be7 5. Nc3 0-0 6. Nf3 b6 7. cxd5 exd5 8. Be2 Bb7 9. 0-0 c5 10. b3 Nbd7 11. Bb2 Re8 12. Rc1 a6 13. h3 Bd6 14. Bd3 Rc8 15. Re1 Bb8 16. Na4 Qe7 17. Qe2 c4 18. Bc2 b5 19. Nc3 Qd6 20. b4 Ne4 21. Red1 Re6 22. Ne5 Nxe5 23. dxe5 Qxe5 24. Nxe4 Qh2+ 0-1